000 00247nam a22001217a 4500
008 170403b xxu||||| |||| 00| 0 eng d
041 _aeng
080 _a574
100 _a9
101 _aSHM
245 _aENVIRONMENT
_cRAVEN.P.H
942 _2udc
_cBK
999 _c9562
_d9562